书目信息 |
| 题名: |
机动车排放、环境影响及控制
|
|
| 作者: | 张远航 , 邵敏 , 俞开衡 编著 | |
| 分册: | ||
| 出版信息: | 北京 化学工业出版社 2004.7 |
|
| 页数: | 309页 | |
| 开本: | 24cm | |
| 丛书名: | ||
| 单 册: | ||
| 中图分类: | X511 , X734.201 | |
| 科图分类: | ||
| 主题词: | 汽车排气--污染防治 , 废物 , 废物处理 , 废物综合利用 | |
| 电子资源: | ||
| ISBN: | 7-5025-5508-0 | |
| 000 | 00867nam0 2200289 45 | |
| 001 | 012004000000 | |
| 005 | 20041026103733.73 | |
| 010 | @a7-5025-5508-0@dCNY 40.00 | |
| 100 | @a20040916d2004 em y0chiy0121 ea | |
| 101 | 0 | @achi |
| 102 | @aCN@b110000 | |
| 105 | @aak z 000yy | |
| 200 | 1 | @a机动车排放、环境影响及控制@Aji dong che pai fang huang jing ying xiang ji kong zhi@e以广州市为例@f张远航, 邵敏, 俞开衡编著 |
| 210 | @a北京@c化学工业出版社@d2004.7 | |
| 215 | @a309页@c图, 表格@d24cm | |
| 320 | @a书末附参考文献 | |
| 606 | 0 | @a汽车排气@x污染防治 |
| 606 | 0 | @a废物 |
| 606 | 0 | @a废物处理 |
| 606 | 0 | @a废物综合利用 |
| 690 | @aX511@v4 | |
| 690 | @aX734.201@v3 | |
| 701 | 0 | @a张远航@Azhang yuan hang@4编著 |
| 701 | 0 | @a邵敏@Ashao min@4编著 |
| 701 | 0 | @a俞开衡@Ayu kai heng@4编著 |
| 801 | 0 | @aCN@bQSSKxf@c20041026 |
| 905 | @a10447@dX734.201@eZ230 | |
| 机动车排放、环境影响及控制:以广州市为例/张远航, 邵敏, 俞开衡编著.-北京:化学工业出版社,2004.7 |
| 309页:图, 表格;24cm |
| ISBN 7-5025-5508-0:CNY 40.00 |
| ● |
| 相关链接 |
|
|
|
正题名:机动车排放、环境影响及控制
索取号:X734.201/Z230
 
预约/预借
| 序号 | 登录号 | 条形码 | 馆藏地/架位号 | 状态 | 备注 |
| 1 | 422604 | 204226042 | 自科二线504/504自科库 26排2列1层/ [索取号:X734.201/Z230] | 在馆 | |
| 2 | 422605 | 204226051 | 自科库501/501自科库 108排2列6层/ [索取号:X734.201/Z230] | 在馆 | |
| 3 | 422606 | 204226060 | 自科库501/501自科库 108排2列6层/ [索取号:X734.201/Z230] | 在馆 |